| 000 | 01108cam a22002773a 4500 | ||
|---|---|---|---|
| 001 | 18184 | ||
| 003 | PGUSA | ||
| 005 | 20140828083403.0 | ||
| 008 | 060417s2006||||xxu|||||s|||||000 | eng d | ||
| 040 |
_aPGUSA _beng |
||
| 042 | _adc | ||
| 050 | 4 | _aE011 | |
| 100 | 1 |
_aHenshaw, Henry W. _q(Henry Wetherbee), _d1850-1930 |
|
| 245 | 1 | 0 |
_aAnimal Carvings from Mounds of the Mississippi Valley : _bSecond Annual Report of the Bureau of Ethnology to the Secretary of the Smithsonian Institution, 1880-81, Government Printing Office, Washington, 1883, pages 117-166 _h[electronic resource] / _cHenry W. Henshaw |
| 260 |
_bProject Gutenberg, _c2006 |
||
| 506 | _aPublic domain in the USA. | ||
| 516 | _aElectronic text | ||
| 653 | _aIndians of North America -- Mississippi River Valley -- Antiquities | ||
| 653 | _aMounds -- Mississippi River Valley | ||
| 653 | _aMississippi River Valley -- Antiquities | ||
| 653 | _aAnimal sculpture -- Mississippi River Valley | ||
| 653 | _aMound-builders -- Art | ||
| 830 | 0 |
_aProject Gutenberg _v18184 |
|
| 856 | 4 | 0 | _uhttp://www.gutenberg.org/ebooks/18184 |
| 942 | _cEB | ||
| 999 |
_c247439 _d247439 |
||